By His Excellency William Shirley, Esq; ... A proclamation : Whereas the soldiers, hereafter named and described, belonging to the regiment under the command of the Honourable Lieutenant-General Philipps, on the night following the 23d. day of April instant, deserted from the hospital upon the common in Boston ... Given at the Council-chamber in Boston the twenty-sixth day of April 1746. ...

Bibliographic Details
Corporate Author: Massachusetts. Governor (1741-1757 : Shirley)
Other Authors: Shirley, William, 1694-1771
Format: eBook
Language:English
Series:Early American imprints. Evans (1639-1800) ; no. 40405.
Subjects:
Online Access:Evans Digital Edition

MARC

Tag First Indicator Second Indicator Subfields
LEADER 00000cam a22000001a 4500
001 in00002162421
006 m e d #
007 cr mn mmmmabba
008 820122s1746 maui s s000 0 eng d
005 20260331164110.7
035 |z w034594 
035 |a MAAR8201224403B 
035 |9 mwa91-41996 
035 |a 322691 
035 |a aas03034594 
040 |a MWA  |c MWA  |e bdrb  |d UtOrBLW 
110 1 |a Massachusetts.  |b Governor (1741-1757 : Shirley) 
245 1 0 |a By His Excellency William Shirley, Esq; ... A proclamation :  |b Whereas the soldiers, hereafter named and described, belonging to the regiment under the command of the Honourable Lieutenant-General Philipps, on the night following the 23d. day of April instant, deserted from the hospital upon the common in Boston ... Given at the Council-chamber in Boston the twenty-sixth day of April 1746. ... 
264 3 |a Boston :  |b Printed by John Draper, printer to his excellency the governour and Council,  |c [1746] 
300 |a 1 sheet (1 unnumbered page) :  |b coat of arms. 
336 |a text  |b txt  |2 rdacontent 
337 |a computer  |b c  |2 rdamedia 
338 |a online resource  |b cr  |2 rdacarrier 
500 |a Ordering the arrest of the deserters, and offering a reward of ten pounds for the capture and return of any. 
500 |a Signed: By his excellency's command, with the advice of the Council, W. Shirley. J. Willard, secr. 
510 4 |a Bristol  |c B1328 
510 4 |a Shipton & Mooney  |c 40405 
510 4 |a Ford, W.C. Broadsides,  |c 842 
530 |a Microform version available in the Readex Early American Imprints series. 
533 |a Electronic text and image data.  |b [Chester, Vt. :  |c Readex, a division of Newsbank, Inc.,  |d 2002-2004.  |e Includes files in TIFF, GIF and PDF formats with inclusion of keyword searchable text.  |f (Early American imprints. First series ; no. 40405). 
500 |a Electronic resource. 
650 0 |a Desertion, Military. 
650 0 |a Bounties  |z Massachusetts. 
651 0 |a United States  |x History  |y King George's War, 1744-1748. 
651 0 |a Massachusetts  |x History  |y King George's War, 1744-1748. 
655 7 |a Broadsides.  |2 rbgenr 
700 1 |a Shirley, William,  |d 1694-1771. 
752 |a United States  |b Massachusetts  |d Boston. 
830 0 |a Early American imprints.  |n Series I,  |p Evans (1639-1800) ;  |v no. 40405. 
856 4 1 |u http://proxy.library.tamu.edu/login?url=https://opac.newsbank.com/select/evans/40405  |y Evans Digital Edition  |t 0 
999 |a MARS 
999 f f |s 677fe924-3db1-357a-8063-d4b4b33779e9  |i bfb9b636-69f3-347e-9686-2afd84b976fc  |t 0 
952 f f |a Texas A&M University  |b College Station  |c Electronic Resources  |s www_evans  |d Available Online  |t 0  |h No information provided 
998 f f |t 0  |l Available Online